Statystyki dla Pierwsze Imiona prezydentów USA

Kliknij tutaj aby rozwiązać quiz!

Ogólne statystyki

  • Ten quiz został rozwiązany 10 razy
  • Średni wynik to 29 z 46

Statystyki odpowiedzi

#Pierwsze imiona% Poprawnych
45Donald
100%
1George I
100%
41George II
100%
43George III
100%
2John I
100%
6John II
100%
10John III
100%
30John IV (Calvin)
100%
35John V
100%
46Joseph
100%
44Barack
88%
16Abraham
75%
14Franklin I
75%
32Franklin II
75%
37Richard
75%
40Ronald
75%
9William I
75%
25William II
75%
27William III
75%
42William IV
75%
33Harry
63%
4James I
63%
5James II
63%
11James III
63%
15James IV
63%
20James V
63%
39James VI
63%
34Dwight
50%
38Gerald
50%
3Thomas I
50%
28Thomas II (Woodrow)
50%
12Zachary
50%
7Andrew I
38%
17Andrew II
38%
23Benjamin
38%
36Lyndon
38%
8Martin
38%
24Stephen (Grover)
38%
22Stephen (Grover)
38%
26Theodore
38%
21Chester
25%
31Herbert
25%
13Millard
25%
19Rutherford
25%
18Ulysses
25%
29Warren
25%

Rozkład punktacji

Percentyl według liczby udzielonych odpowiedzi

Procent ludzi z każdym wynikiem

Twoja historia wyników

Nie rozwiązałeś tego quizu